000 00274 a2200145 4500
001 160425
020 _a
040 _cMagnum
100 _a-
240 1 0 _aO urso marinheiro
_lpor
245 1 0 _aO urso marinheiro
362 0 _a1899
697 _aI/ANIMAIS
942 _cBK
999 _c160425
_d160425